Sefer zikaron li-ḳehilat Ḥorzél : (Record no. 33301)

MARC details
000 -LEADER
fixed length control field 00831cam a22002651a 4500
001 - CONTROL NUMBER
control field he 68001433
003 - CONTROL NUMBER IDENTIFIER
control field DLC
005 - DATE AND TIME OF LATEST TRANSACTION
control field 20260227111458.0
008 - FIXED-LENGTH DATA ELEMENTS--GENERAL INFORMATION
fixed length control field 840213s1967 is 000 0 hebr
010 ## - LIBRARY OF CONGRESS CONTROL NUMBER
LC control number he 68001433
035 ## - SYSTEM CONTROL NUMBER
System control number (OCoLC)19203467
040 ## - CATALOGING SOURCE
Original cataloging agency DLC
Transcribing agency MH
Modifying agency OU
-- DLC
042 ## - AUTHENTICATION CODE
Authentication code premarc
043 ## - GEOGRAPHIC AREA CODE
Geographic area code e-pl---
050 00 - LIBRARY OF CONGRESS CALL NUMBER
Classification number DS135.P62
Item number C537
245 00 - TITLE STATEMENT
Title Sefer zikaron li-ḳehilat Ḥorzél :
Remainder of title Khozshel /
Statement of responsibility, etc. ha-ʻorekh, L. Losh.
260 ## - PUBLICATION, DISTRIBUTION, ETC.
Place of publication, distribution, etc. Tel Aviv :
Name of publisher, distributor, etc. Irgun yotsʼe Ḥorzʼel be-Yiśraʼel,
Date of publication, distribution, etc. 1967.
300 ## - PHYSICAL DESCRIPTION
Extent 272 p. :
Other physical details ill., facsims., map, ports. ;
Dimensions 25 cm.
500 ## - GENERAL NOTE
General note Partly in Yiddish.
650 #0 - SUBJECT ADDED ENTRY--TOPICAL TERM
Topical term or geographic name entry element Jews
Geographic subdivision Poland
-- Chorzele.
650 #0 - SUBJECT ADDED ENTRY--TOPICAL TERM
Topical term or geographic name entry element Holocaust, Jewish (1939-1945)
Geographic subdivision Poland
-- Chorzele.
651 #0 - SUBJECT ADDED ENTRY--GEOGRAPHIC NAME
Geographic name Chorzele (Poland)
General subdivision Ethnic relations.
700 1# - ADDED ENTRY--PERSONAL NAME
Personal name Losh, L.
752 ## - ADDED ENTRY--HIERARCHICAL PLACE NAME
Country or larger entity Israel
City Tel Aviv

No items available.

Powered by Koha